00526nam a2200193Ia 4500008004100000041001200041082001200053100003900065245003800104260003800142300000800180365000800188520001600196546001200212630003800224650001600262655001600278730003800294101110s9999 xx 000 0 und d aENGLISH bSR33441 aAnnapoornaa R., Gabhe Aruna & etc. aMathematics and statistics FYBCom c2009bChetna Publications, Mumbai a432 b210 aStats/Maths aENGLISH aMathematics and statistics FYBCom aStats/Maths aStats/Maths aMathematics and statistics FYBCom